|
|
|
|
| LEADER |
01535nam a2200373 a 4500 |
| 001 |
38183 |
| 003 |
BD-DhAAL |
| 005 |
20220321103814.0 |
| 008 |
220320t1999 enka b 001 0 eng |
| 999 |
|
|
|c 43824
|d 43824
|
| 010 |
|
|
|a 92043313
|
| 020 |
|
|
|a 0198287569
|
| 020 |
|
|
|a 0198288352
|
| 040 |
|
|
|a DLC
|c DLC
|d DLC
|d BD-DhAAL
|
| 043 |
|
|
|a d------
|
| 050 |
0 |
0 |
|a HC59.72.P6
|b D37 1993
|
| 082 |
0 |
0 |
|a 330.91724
|2 23
|
| 100 |
1 |
|
|a Dasgupta, Partha.
|9 47195
|
| 245 |
1 |
3 |
|a An inquiry into well-being and destitution /
|c Partha Dasgupta.
|
| 260 |
|
|
|a Oxford :
|b Clarendon Press ;
|a New York :
|b Oxford University Press,
|c 1996.
|
| 300 |
|
|
|a xviii, 661 pages :
|b illustrations ;
|c 24 cm.
|
| 504 |
|
|
|a Includes bibliographical references (p. [546]-625) and indexes.
|
| 541 |
|
|
|a Donated by Akbar Ali Khan
|e 38183
|
| 650 |
|
0 |
|a Poverty
|z Developing countries.
|9 47196
|
| 650 |
|
0 |
|a Quality of life
|z Developing countries.
|9 47197
|
| 650 |
|
0 |
|a Resource allocation.
|9 47198
|
| 650 |
|
0 |
|a Income distribution
|z Developing countries.
|9 47199
|
| 650 |
|
0 |
|a Households
|z Developing countries.
|9 47200
|
| 650 |
|
0 |
|a Malnutrition
|z Developing countries.
|9 47201
|
| 651 |
|
|
|a Developing countries
|x Economic conditions.
|9 47202
|
| 651 |
|
|
|a Developing countries
|x Social conditions
|9 47203
|
| 852 |
|
|
|a Ayesha Abed Library
|c Akbar Ali Khan Collection
|
| 942 |
|
|
|2 ddc
|c BK
|
| 952 |
|
|
|0 0
|1 0
|2 ddc
|4 0
|6 330_917240000000000_DAS
|7 1
|9 70196
|a BRACUL
|b BRACUL
|c CS1
|d 2022-03-20
|e Donated by Akbar Ali Khan
|l 0
|o 330.91724 DAS
|p 3010038183
|r 2022-03-20
|t 1
|w 2022-03-20
|y BK
|